banner koha

As revistas especializadas (Registro n. 298756)

MARC details
000 -LÍDER
fixed length control field 00882nab a22002057a 4500
003 - CÓDIGO MARC DA AGÊNCIA CATALOGADORA
Campo de controle BR-BrBNA
005 - DATA E HORA DA ÚLTIMA ATUALIZAÇÃO
Campo de controle 20240311223826.0
008 - CAMPO DE TAMANHO FIXO
fixed length control field 240311b bl.||||| |||| 00| 0 por d
040 ## - FONTE DA CATALOGAÇÃO
Agência catalogadora BR-BrBNA
Idioma da catalogação por
072 ## - CATEGORIA AGRIS
Código AGRIS C20 ; E51
100 ## - ENTRADA PRINCIPAL - NOME PESSOAL
Nome pessoal Gessuli, Oswaldo Penha
245 ## - TÍTULO PRINCIPAL
Título principal As revistas especializadas
500 ## - NOTA GERAL
Nota geral 1 illus.
942 ## - ADDED ENTRY ELEMENTS (KOHA)
Koha item type
111 ## -
-- 1. Seminário de Comunicação Rural da Região Sudeste do Brasil
-- Campinas, SP (Brasil)
-- 21-25 Jul 1980
650 ## - ASSUNTO - THESAGRO
Cabeçalho tópico ou nome geográfico COMUNICAÇÃO DE MASSA
650 ## - ASSUNTO - THESAGRO
Cabeçalho tópico ou nome geográfico POPULAÇÃO RURAL
773 0# - ENTRADA ANALÍTICA
Host Biblionumber 1330
Registro do item 275253
Imprenta Campinas-SP Coordenadoria de Assistência Técnica Integral - CATI - Centro de Comunicação Rural e Treinamento - CECORT 1979. Data final de publicação em 1990
Outro identificador 2023-437059
Título Casa da Agricultura (Brazil)
ISSN 0100-6541
Colação special number p. 48 (Jan 1981)
Número de controle de registro BR2024000208

Nenhum exemplar disponível.

BINAGRI

Telefone: (61)3218-2567/2388/3357/2097 - binagri@agro.gov.br

Ministério da Agricultura e Pecuária , Esplanada dos Ministérios, Bloco D, Anexo B, Brasília/DF, CEP: 70.043-900